| 000 | 00953cam a2200277 i 4500 | ||
|---|---|---|---|
| 999 |
_c200442961 _d61173 |
||
| 003 | TR-AnTOB | ||
| 005 | 20240426141241.0 | ||
| 007 | ta | ||
| 008 | 981201s1970 tu 000 0 tur d | ||
| 040 |
_aBGZ _beng _erda _cBGZ _dTR-AnTOB |
||
| 041 | 0 | _atur | |
| 050 |
_aHG5706.5.A3 _bK66 |
||
| 090 |
_aHG5706.5.A3 _bK66 |
||
| 245 | _aKonferanslar. | ||
| 264 | 1 |
_aAnkara : _bAnkara İktisadi ve Ticari İlimler Akademisi, _c1970. |
|
| 300 |
_avolumes : _btables ; _c24 cm |
||
| 336 |
_2rdacontent _atext _btxt |
||
| 337 |
_2rdamedia _aunmediated _bn |
||
| 338 |
_2rdacarrier _avolume _bnc |
||
| 490 | 0 |
_aAnkara İktisadi ve Ticari İlimler Akademisi ; _vYayın no. 57. _aMaliye ve Vergi Hukuku Enstitüsü yayınları ; _v1, 5 |
|
| 650 | 0 |
_aYatırımlar _zTürkiye _992197 |
|
| 710 | 2 |
_aAnkara İktisadi ve Ticari İlimler Akademisi. _bMaliye ve Vergi Hukuku Enstitüsü _9132978 |
|
| 942 |
_2lcc _cBK |
||